Russell le mouton
<< Retourner aux résultats de la recherche
| Auteur principal : | Rob Scotton |
|---|---|
| Titre : | Russell le mouton |
| Support : | Livres |
| Langue : | |
| Publié : |
DL 2005 Nathan Paris |
| Genre : |
Album |
| Collection : |
Album Nathan |
| Sujets : | |
| Étiquettes : |
Pas de tags
|
| LEADER | 00816nam0a2200193 450 | ||
|---|---|---|---|
| 001 | 16841794 | ||
| 010 | |a 2-09-250815-6 |b rel |d 13 | ||
| 100 | |a 20161231d2026 u u0frey01 ba | ||
| 200 | 0 | |a Russell le mouton |f Rob Scotton |g [traduction de Rose-Marie Vassallo] | |
| 207 | 1 | |a | |
| 210 | |a Paris |b 9 rue Mechain. |c Nathan |d DL 2005 | ||
| 215 | |a 1 vol. (non paginé [30] p.) |c ill. en coul., couv. ill. en coul. |d 27 cm | ||
| 225 | 1 | |a Album Nathan |x 1275-6989 | |
| 330 | |a Pas si facile de trouver le sommeil, même quand on est un mouton ! Un petit héros craquant, irrésistible, qui promet de douces nuits à nos chers bambins. | ||
| 606 | 0 | |a Sommeil | |
| 700 | 0 | |a Scotton |b Rob |f 19.. |4 70 | |
| 900 | |a Album | ||
| 901 | |a Jeunesse | ||
| 995 | |a Médiathèque |c Médiathèque |f 089015167 |h 089015167 |k A SCO |o p |q j |r az |e Médiathèque | ||